00652cam a2200205ua 4500001000400000008003900004020001800043040000900061082000800070245006300078250000900141260004000150300003200190653002200222653004400244700002100288942000700309999001300316952011700329135110321n ii |||gr||||Z||||||eng a81-2884-217-3 cMAIN a004 aFundamentals of information technology.cBy Amit Aggarwal. a1st. aNew Delhi.:bCyber tech.,c2005-06. axii, 204 p.:bill.;c20 cm. aComputer science. aFundamentals of information technology.1 aAggarwal, Amit., cBK c123d123 00104070aMAINbMAINcGENd2020-09-19l2o004 | AGGp20043r2021-09-02 00:00:00s2021-07-30t1w2020-09-19yBK